| 000 | 01786nam a2200217Ia 4500 | ||
|---|---|---|---|
| 003 | Ost | ||
| 005 | 20260416102356.0 | ||
| 008 | 260416s9999||||xx |||||||||||||| ||und|| | ||
| 040 | _cfsecg | ||
| 041 | _aara | ||
| 082 | _a310 | ||
| 100 |
_aجنيدي، مراد _eمؤلف |
||
| 245 | 0 |
_aدروس وتطبيقات أولية على برنامج SPSS / _c مراد جنيدي |
|
| 260 |
_aالجزائر _bجامعة الجزائر3: كلية العلوم الإقتصادية، العلوم التجارية وعلوم التسيير _c2020 |
||
| 300 |
_a103 ورقة _bايضاحات _c30 سم |
||
| 504 | _aمراجع ص.103 | ||
| 520 | _aالمفاهيم و المبادئ الأساسية حول برنامج SPSS و المفاهيم الأساسية حول البيانات الاحصائية و طرق جمع البيانات الاحصائية كما تم التطرق الى النوافذ و الاوامر الاساسية في برنامج SPSS بتناول التعرف على هذا البرنامج الإحصائي و النوافذ الأساسية فيه و تهيئة الملفات و تعبئة البيانات فيه مع تناول التحليل الاحصائي للبيانات باستعمال برنامج SPSS بالتطرق الى بعض المبادئ الأساسية للتحليل الوصفي للبيانات و التحليل الاحصائي استخدام هذا البرنامج و استخداه هذا البرنامج في الاحصاء الوصفي و أخيرا الانتقال من الاستبيان الى ملف SPSS . | ||
| 653 | _aالاحصاء | ||
| 710 |
_aجامعة الجزائر3: كلية العلوم الإقتصادية، العلوم التجارية وعلوم التسيير _eناشر علمي |
||
| 942 | _cHANDOUT | ||
| 999 |
_c41216 _d41216 |
||